LEADER 00899nam 2200301 450 001 9910228155703321 005 20201013111236.0 010 $a978-88-15-26555-5 100 $a20171123d2017----u y0engy50 ba 101 0 $aita 102 $aIT 105 0 $a 00 200 1 $aIntroduzione alla sociologia del mercato del lavoro$fEmilio Reyneri 210 $aBologna$cil Mulino$d2017 215 $a280 p.$d20 cm 225 $amanuali$esociologia 610 0 $aMercato del lavoro$aItalia 610 0 $aLavoro$aAspetti socioeconomici 676 $a306.36$v22$zita 676 $a331.12$v22$zita 676 $a306.360945$v23$zita 700 1$aReyneri,$bEmilio$f<1943- >$025997 912 $a9910228155703321 952 $a306.36 REY 2$b4496$ fBFS 952 $a306.36 REY 2017$fSES 959 $aBFS 996 $aIntroduzione alla sociologia del mercato del lavoro$91494117 997 $aUNINA LEADER 01727nam 2200589 450 001 9910464690603321 005 20200520144314.0 010 $a1-283-62740-X 010 $a9786613939852 010 $a1-57387-814-6 035 $a(CKB)3360000000446009 035 $a(EBL)3316164 035 $a(SSID)ssj0000719866 035 $a(PQKBManifestationID)11956159 035 $a(PQKBTitleCode)TC0000719866 035 $a(PQKBWorkID)10662051 035 $a(PQKB)10704785 035 $a(MiAaPQ)EBC3316164 035 $a(Au-PeEL)EBL3316164 035 $a(CaPaEBR)ebr10606087 035 $a(CaONFJC)MIL393985 035 $a(OCoLC)923179734 035 $a(EXLCZ)993360000000446009 100 $a20141010h20122012 uy 0 101 0 $aeng 135 $aur|n|---||||| 181 $ctxt 182 $cc 183 $acr 200 14$aThe accidental systems librarian /$fNicole C. Engard with Rachel Singer Gordon 205 $aSecond edition. 210 1$aMedford, New Jersey :$cInformation Today, Inc.,$d2012. 210 4$dİ2012 215 $a1 online resource (329 p.) 300 $aDescription based upon print version of record. 311 $a1-57387-453-1 320 $aIncludes bibliographical references and index. 606 $aSystems librarians 608 $aElectronic books. 615 0$aSystems librarians. 676 $a025.00285 686 $a32.28.04$2EP-CLASS 686 $a32.28.08$2EP-CLASS 700 $aEngard$b Nicole C.$f1979-$0994447 702 $aGordon$b Rachel Singer 801 0$bMiAaPQ 801 1$bMiAaPQ 801 2$bMiAaPQ 906 $aBOOK 912 $a9910464690603321 996 $aThe accidental systems librarian$92277363 997 $aUNINA